000 00672nam a2200217 a 4500
001 000019529
005 20200929170040.0
008 100630s2007 sp a 000 0 spa d
020 _a9788466209656
040 _aDO-SdBNP
_bspa
_cBNPHU
082 _a750.118
_bB687i
100 1 _aBolaños Atienza, María
_941901
245 1 0 _aInterpretar el arte /
_cMaría Bolaños Atienza.
260 _aMadrid :
_bLibsa,
_c2007.
300 _a256 p. :
_bil. ;
_c31 cm.
500 _aIncluye índice
500 _aIncluye datos biográficos del autor en la solapa de la contracubierta
650 4 _aApreciación del arte
_95186
650 4 _aCrítica de arte
_95184
049 _aBNPD
999 _c19045
_d19045